| 000 | 01057nab a2200349 4500 | ||
|---|---|---|---|
| 003 | BR-BrBNA | ||
| 005 | 20240814145907.0 | ||
| 008 | 240710b bl.||||| |||| 00| 0 por d | ||
| 040 |
_aBR-BrBNA _bpor |
||
| 072 |
_aF01 ; P06 ; F30 _b0230 |
||
| 100 | _aMelo, Janete | ||
| 245 |
_aCerrado surpreende mais uma vez _bBioenergia |
||
| 500 | _a3 illus. | ||
| 650 | _aCANA DE AÇÚCAR | ||
| 650 | _aCERRADO | ||
| 650 | _aBIOENERGIA | ||
| 650 | _aPRODUTO DE ORIGEM VEGETAL | ||
| 650 | _aAÇÚCAR | ||
| 650 | _aÁLCOOL MOTOR | ||
| 650 | _aCACHAÇA | ||
| 650 | _aRAPADURA | ||
| 650 | _aRAÇÃO | ||
| 650 | _aMUDA | ||
| 650 | _aPESQUISA | ||
| 650 | _aMELHORAMENTO GENÉTICO VEGETAL | ||
| 650 | _aVARIEDADE | ||
| 650 | _aCONDIÇÃO AMBIENTAL | ||
| 650 | _aPRODUÇÃO | ||
| 773 | 0 |
_04604 _9317192 _dPalmas - Tocantins Terranova Gráfica e Editora Jornalística Ltda 2005 _o2024-3816 _tCerrado Rural Agronegócios (Brazil) _x1980-2595 _gv. 4(21) p. 20-22; (Oct 2006) _wBR2024001919 |
|
| 942 | _cAnalítica | ||
| 999 |
_c300471 _d300471 |
||